000 00415nam a22001577a 4500
005 20250915123527.0
008 250915b |||||||| |||| 00| 0 eng d
020 _a979-8-88715-055-0
100 _aFOSTER EDWARD
245 _aFISH GENETICS AND BIODIVERSITY CONSERVATION
260 _aDUBLIN
_bORYSON
_c2023
300 _aXII,312P.
500 _aINCLUDES AN INDEX
650 _aFISH- GENETICS
942 _2lcc
_cBK
999 _c216087
_d216087